[Event "24th European Women Club Cup 2019"]
[Site "Ulcinj"]
[Date "2019.11.14"]
[Round "5.15"]
[White "Girya, Olga"]
[Black "Eric, Jovana"]
[Result "1-0"]
[WhiteElo "2476"]
[BlackElo "2314"]
[Annotator "ChessBase"]
[PlyCount "73"]
[EventDate "2019.11.10"]
[EventType "team-tourn"]
[EventCountry "MNE"]
[SourceTitle "playchess.com"]
[Source "ChessBase"]
[SourceQuality "1"]
[WhiteTeam "Ugra"]
[BlackTeam "Jelica PEP"]
[TimeControl "40/5400+30:1800+30"]

1. d4 {[%emt 0:00:00]} e6 {[%emt 0:00:00]} 2. c4 {[%emt 0:00:00]} f5 {[%emt 0:00:00]} 3. Nf3 {[%emt 0:00:00]} Nf6 {[%emt 0:00:04]} 4. g3 {[%emt 0:00:00]} Be7 {[%emt 0:00:16]} 5. Nc3 {[%emt 0:01:42]} d5 {[%emt 0:00:43]} 6. Bf4 {[%emt 0:02:43]} c6 {[%emt 0:00:57]} 7. e3 {[%emt 0:01:41]} O-O {[%emt 0:02:42]} 8. Rc1 {[%emt 0:00:29]} Ne4 {[%emt 0:01:23]} 9. h4 {[%emt 0:00:16]} Nd7 {[%emt 0:04:06]} 10. Be2 {[%emt 0:01:07]} Ndf6 {[%emt 0:02:52]} 11. Ne5 {[%emt 0:11:14]} Nd6 {[%emt 0:08:48]} 12. a3 {[%emt 0:13:27]} dxc4 {[%emt 0:08:11]} 13. Nxc4 {[%emt 0:00:30]} Nxc4 {[%emt 0:00:20]} 14. Bxc4 {[%emt 0:00:04]} Nd5 {[%emt 0:00:13]} 15. Be5 {[%emt 0:07:04]} Bf6 {[%emt 0:02:47]} 16. Bxf6 {[%emt 0:00:59]} Qxf6 {[%emt 0:00:08]} 17. O-O {[%emt 0:01:00]} Kh8 {[%emt 0:09:01]} 18. Qb3 {[%emt 0:10:32]} Nb6 {[%emt 0:07:08]} 19. Ne2 {[%emt 0:04:41]} e5 {[%emt 0:07:16]} 20. dxe5 {[%emt 0:00:13]} Qxe5 {[%emt 0:00:05]} 21. Nf4 {[%emt 0:00:10]} Bd7 {[%emt 0:02:14]} 22. Rfd1 {[%emt 0:03:22]} Rad8 {[%emt 0:06:49]} 23. Be6 {[%emt 0:06:16]} Bc8 {[%emt 0:06:32]} 24. Bxc8 {[%emt 0:03:51]} Rxc8 {[%emt 0:00:05]} 25. Ne6 {[%emt 0:02:35]} Rfe8 {[%emt 0:01:53]} 26. Ng5 {[%emt 0:00:18]} Qe7 {[%emt 0:18:47]} 27. Nf7+ {[%emt 0:00:23]} Kg8 {[%emt 0:00:04]} 28. Nd6+ {[%emt 0:00:22]} Kh8 {[%emt 0:00:03]} 29. Nxc8 {[%emt 0:00:38]} Rxc8 {[%emt 0:00:05]} 30. a4 {[%emt 0:04:40]} Rf8 {[%emt 0:02:48]} 31. a5 {[%emt 0:00:38]} Nd5 {[%emt 0:00:09]} 32. a6 {[%emt 0:00:14]} bxa6 {[%emt 0:02:03]} 33. Rxc6 {[%emt 0:00:11]} Nb4 {[%emt 0:00:59]} 34. Rcd6 {[%emt 0:03:38]} a5 {[%emt 0:00:33]} 35. Rd7 {[%emt 0:00:36]} Qc5 {[%emt 0:03:44]} 36. Rd8 {[%emt 0:00:31]} Nc6 {[%emt 0:00:44]} 37. Qc3 {[%emt 0:00:47]} 1-0

[Event "24th European Women Club Cup 2019"]
[Site "Ulcinj"]
[Date "2019.11.14"]
[Round "5.16"]
[White "Blagojevic, Tijana"]
[Black "Kovanova, Baira"]
[Result "1/2-1/2"]
[WhiteElo "2169"]
[BlackElo "2344"]
[Annotator "TA"]
[PlyCount "107"]
[EventDate "2019.11.10"]
[EventType "team-tourn"]
[EventCountry "MNE"]
[SourceTitle "playchess.com"]
[Source "ChessBase"]
[SourceQuality "1"]
[WhiteTeam "Jelica PEP"]
[BlackTeam "Ugra"]

{[%evp 10,107,22,15,57,6,9,12,13,11,14,5,18,32,52,54,50,56,58,47,60,72,67,60,72,82,79,67,60,66,57,0,0,0,6,0,0,7,8,0,22,22,22,22,27,2,25,16,37,13,13,27,11,8,32,33,32,32,32,32,33,-58,-58,-58,-58,-58,-58,-58,-10,-13,-13,-13,-13,-13,0,0,0,-16,0,0,0,-8,0,0,0,0,0,0,0,0,0,0,0,0,0,0,0,0,0,0]} 1. e4 c5 2. Nf3 Nc6 3. Bb5 e6 4. O-O Nge7 5. d4 cxd4 6. Nxd4 Qc7 {B30: Sicilian: 2...Nc6 3 Bb5, lines without ...g6} 7. Nf3 $146 (7. Be3 $14) ({Predecessor:} 7. Be2 d5 8. exd5 Nxd5 9. Nxc6 bxc6 10. c4 Nf6 11. Nc3 Bd6 12. h3 O-O 13. Bf3 Rb8 14. Qc2 {1-0 (64) Gharamian,T (2614)-Edouard,R (2638) Nimes 2018}) 7... Ng6 $11 8. Be3 Be7 9. Re1 O-O 10. Bf1 a6 11. c4 Bf6 12. Nc3 d6 13. Rc1 Bd7 14. a3 Rac8 15. b4 Nce7 16. Qb3 Ne5 17. Nxe5 Bxe5 18. f4 Bf6 19. c5 Bxc3 $1 20. cxd6 (20. Qxc3 $14 d5 21. Bd4) 20... Qxd6 21. Rxc3 Ba4 22. Qb2 {Strongly threatening Bc5.} Rxc3 23. Qxc3 Rc8 24. Qd4 Qc7 25. Rc1 Nc6 26. Qb6 Qd7 27. h3 h6 28. Be2 Re8 29. Rc3 e5 30. Bg4 Qe7 31. f5 h5 32. Bf3 Rd8 33. f6 {[%mdl 64] [#] Deflection} Qxf6 34. Qxb7 Nd4 35. Rc8 (35. Bxh5 $14 g6 36. Bg4) 35... Nxf3+ $15 36. gxf3 Rxc8 37. Qxc8+ Kh7 38. Kf2 g6 {[#] Hoping for ...Bd1.} 39. Qc1 {The position is equal.} Qh4+ 40. Kg2 {And now Bg5 would win.} Bd7 41. Qh1 Bc6 42. Qc1 Bd7 43. Qh1 Qe7 44. h4 Qe6 45. Bf2 f6 46. Qd1 Kg7 47. Kg1 Qc6 48. Bc5 Qe6 49. Qd6 Qxd6 50. Bxd6 Kf7 51. Kf2 Ke6 52. Bc7 Bb5 53. Ke3 Kd7 54. Bb6 {Accuracy: White = 73%, Black = 54%.} 1/2-1/2

[Event "24th European Women Club Cup 2019"]
[Site "Ulcinj"]
[Date "2019.11.14"]
[Round "5.17"]
[White "Khademalsharieh, Sarasadat"]
[Black "Salimova, Nurgyul"]
[Result "1/2-1/2"]
[WhiteElo "2491"]
[BlackElo "2370"]
[Annotator "TA"]
[PlyCount "98"]
[EventDate "2019.11.10"]
[EventType "team-tourn"]
[EventCountry "MNE"]
[SourceTitle "playchess.com"]
[Source "ChessBase"]
[SourceQuality "1"]
[WhiteTeam "Pentole Agnelli"]
[BlackTeam "Asseco SEE"]

{[%evp 19,98,0,-5,-3,-6,-9,0,-19,-6,-8,-16,-12,0,0,13,0,5,1,3,0,25,30,34,0,0,0,27,25,49,38,48,46,55,49,49,47,43,15,26,26,26,25,25,26,26,29,29,29,75,75,75,75,77,90,99,0,0,0,0,0,0,0,0,0,0,0,0,0,0,0,0,0,0,0,0,0,0,0,0,0,0]} 1. Nf3 Nf6 2. c4 e6 3. e3 d5 4. Nc3 b6 5. b3 Bb7 6. Bb2 Nbd7 7. cxd5 exd5 8. d4 Bd6 9. Bd3 O-O 10. O-O a6 11. Rc1 {E14: Queen's Indian: Classical Variation (4 e3)} Qe7 12. Nd2 (12. Ne2 Ne4 13. Qc2 Rac8 14. Ng3 g6 15. Qe2 h5 16. Ne5 Nxe5 17. dxe5 Bxe5 18. Bxe5 Qxe5 19. Nxe4 dxe4 20. Bxa6 Bxa6 21. Qxa6 {½-½ (57) Harikrishna,P (2732)-Navara,D (2727) Prague 2018}) 12... Rfe8 13. Re1 $146 ({Predecessor:} 13. Ne2 Ne4 14. Ng3 Nxg3 15. hxg3 Nf6 16. Qe2 Ne4 17. Bxe4 dxe4 18. Nc4 Bd5 {½-½ (37) Jan,P (2140)-Belis,R (2195) ICCF email 2006}) 13... Ne4 14. Ncxe4 dxe4 15. Bf1 Rac8 16. Nc4 Bb4 17. Bc3 a5 18. Qd2 Red8 19. Qb2 Qe6 20. Bxb4 axb4 21. Red1 Nf6 22. a3 bxa3 23. Nxa3 h5 24. Nb5 c6 25. Nc3 c5 26. dxc5 Rxd1 27. Rxd1 Rxc5 28. Nb5 Bd5 29. b4 Rc8 30. h3 Kh7 31. Rc1 Rxc1 32. Qxc1 Qe7 33. Qc3 Bb7 34. Qd4 Nd5 35. Bc4 Qxb4 36. Qxe4+ g6 37. Qd3 ({White should try} 37. Qe8 $16 Qxc4 38. Qxf7+ {[%mdl 64] Double Attack} Kh6 39. Nd6 Qc1+ 40. Kh2) 37... Qc5 $1 $11 {The position is equal.} 38. Qb3 Kg7 39. Qb2+ Kg8 40. Qb3 Kg7 41. Nd4 Nf6 42. f3 (42. Bf1 {with more complications.} Ne4 43. Qb2 Kg8 44. Qb5 Kf8 45. Qd7) 42... Bd5 43. Bxd5 Nxd5 44. Kf2 h4 45. Qd3 Nf6 46. Qa6 Qd6 47. Qd3 {[#] Nf5+! is the strong threat.} Qc5 48. Qa6 Qd6 49. Qd3 {Black must now prevent Nf5+!} Qc5 {Accuracy: White = 78%, Black = 65%.} 1/2-1/2

[Event "24th European Women Club Cup 2019"]
[Site "Ulcinj"]
[Date "2019.11.14"]
[Round "5.18"]
[White "Krasteva, Beloslava"]
[Black "Paehtz, Elisabeth"]
[Result "1/2-1/2"]
[WhiteElo "2261"]
[BlackElo "2484"]
[Annotator "TA"]
[PlyCount "106"]
[EventDate "2019.11.10"]
[EventType "team-tourn"]
[EventCountry "MNE"]
[SourceTitle "playchess.com"]
[Source "ChessBase"]
[SourceQuality "1"]
[WhiteTeam "Asseco SEE"]
[BlackTeam "Pentole Agnelli"]

{[%evp 9,106,32,36,18,26,8,54,-5,0,-16,-7,-17,-23,-52,-37,-80,-80,-92,-107,-84,-60,-173,-171,-164,-163,-233,-209,-268,-263,-408,-406,-461,-258,-421,-427,-436,-423,-435,-441,-432,-399,-439,-212,-390,-302,-297,-289,-305,-267,-298,-299,-373,-373,-374,-366,-373,-385,-409,-200,-264,-230,-314,-237,-250,-8,-231,-206,-465,0,-41,0,0,0,0,0,0,0,0,0,0,0,0,52,54,53,64,62,0,86,77,125,80,68,0,116,0,67,0,116]} 1. d4 d5 2. c4 c6 3. Nc3 Nf6 4. e3 a6 5. Nf3 b5 6. c5 {D15: Slav Defence: 4 Nc3 a6 and gambit lines after 4 Nc3 dxc4} (6. b3 Bg4 7. Be2 e6 8. Ne5 Bxe2 9. Qxe2 Bd6 10. O-O O-O 11. Bb2 bxc4 12. bxc4 Nbd7 13. f4 c5 14. cxd5 cxd4 15. exd4 Nxd5 16. Ne4 {0-1 (32) Esipenko,A (2624)-Svidler,P (2729) Khanty-Mansiysk 2019}) 6... Nbd7 7. Bd3 g6 (7... e5 $5) 8. Bd2 (8. O-O $14) 8... e5 $146 ({Predecessor:} 8... Bg7 9. Rc1 O-O 10. O-O Qc7 11. Re1 {0-1 (48) Kurenkov,N (2438)-Krivobokov,S (2142) Tula 2007}) 9. Nxe5 Nxe5 10. dxe5 Ng4 11. Ne2 Qh4 {[%csl Gg4][%cal Rh4f2]} 12. Ng3 Bxc5 $40 {[%mdl 128] Black is out for blood.} 13. Bc3 O-O $1 14. Qc2 Bd7 15. O-O-O ({White should try} 15. Be2 $15) 15... Rfe8 16. Kb1 Ba7 17. Rhe1 (17. b3 $142) 17... Nxe5 (17... Qxh2 18. Rh1 $11) 18. Bf1 Ng4 19. Rd2 (19. Bd3 $142) 19... Qxh2 $19 20. Bd3 {[#] White hopes to continue with Rh1.} Nxf2 $1 {[%mdl 512]} 21. Nf1 $2 {[#]} (21. Rxf2 Qxg3 22. Rf3) 21... Nxd3 $1 {[%mdl 512]} 22. Nxh2 (22. Qxd3 Qh4) 22... Nxe1 23. Qd1 Bf5+ 24. Ka1 Rxe3 25. Nf1 Re6 (25... Re4 $142 {Threatens to win with ...d4!} 26. a3 Bg4) 26. Ng3 $2 (26. g4 Nc2+ 27. Rxc2 Bxc2 28. Qxc2) 26... Nc2+ 27. Rxc2 Bxc2 28. Qxc2 Rae8 29. a3 c5 30. Bd2 c4 31. Qd1 Be3 32. Bb4 d4 33. Qg4 Kh8 (33... d3 $142 34. Nf1 h5) 34. Ka2 h5 35. Qf3 Kg8 36. Ne2 d3 $2 ({Better is} 36... Re4 $1 $19 {And now ...Bd2! would win.} 37. Ng3 R4e5) 37. Nc3 $2 (37. Nf4 $11 Rf6 38. g3) 37... Bd4 38. Nd5 $2 {[#]} (38. Qd5 {was worth a try.} Bb6 39. Nd1) 38... Be5 $2 (38... Re2 $1 $19 39. Bc3 Rf2) 39. g4 $1 $15 hxg4 40. Qxg4 Bg7 {White must now prevent ...Re2!} 41. Qg5 Be5 42. Bd2 Kf8 43. Qh6+ Kg8 $1 44. Qg5 $1 Bg7 {Hoping for ...Re2.} 45. Bb4 Re5 (45... Bd4 $11) 46. Nf6+ $14 Bxf6 $1 47. Qxf6 R5e6 48. Qg5 (48. Qh4 $14) 48... Kg7 {[#]} (48... Re5 $1 $11 49. Qh6 Rh5) 49. Bd2 $1 $16 {[%mdl 1024] White has strong compensation.} Rh8 50. Qd5 Rhe8 51. Qg5 Rh8 $1 52. Qd5 Rhe8 $1 53. Qg5 Rh8 $1 {Accuracy: White = 29%, Black = 52%.} 1/2-1/2

[Event "24th European Women Club Cup 2019"]
[Site "Ulcinj"]
[Date "2019.11.14"]
[Round "5.19"]
[White "Zimina, Olga"]
[Black "Djukic, Sandra"]
[Result "1-0"]
[WhiteElo "2406"]
[BlackElo "2148"]
[Annotator "NA"]
[PlyCount "77"]
[EventDate "2019.11.10"]
[EventType "team-tourn"]
[EventCountry "MNE"]
[SourceTitle "playchess.com"]
[Source "ChessBase"]
[SourceQuality "1"]
[WhiteTeam "Pentole Agnelli"]
[BlackTeam "Asseco SEE"]
[TimeControl "40/5400+30:1800+30"]

1. Nf3 {[%emt 0:00:00]} d5 {[%emt 0:00:00]} 2. g3 {[%emt 0:00:00]} Nf6 {[%emt 0:02:22]} 3. Bg2 {[%emt 0:00:00]} e6 {[%emt 0:01:27]} 4. O-O {[%emt 0:00:50]} Be7 {[%emt 0:01:08]} 5. d4 {[%emt 0:00:45]} O-O {[%emt 0:00:38]} 6. c4 {[%emt 0:00:05]} dxc4 {[%emt 0:00:47]} 7. Qc2 {[%emt 0:00:37]} b5 {[%emt 0:10:56]} 8. a4 {[%emt 0:00:18]} c6 {[%emt 0:25:58]} 9. b3 {[%emt 0:02:57]} cxb3 {[%emt 0:05:23]} 10. Qxb3 {[%emt 0:00:19]} b4 {[%emt 0:01:11]} 11. Ne5 {[%emt 0:14:05]} a5 {[%emt 0:13:57]} 12. Bb2 {[%emt 0:01:59]} Ba6 {[%emt 0:01:35]} 13. Re1 {[%emt 0:00:42]} Nd5 {[%emt 0:05:26]} 14. e4 {[%emt 0:08:22]} Nb6 {[%emt 0:01:11]} 15. Nd2 {[%emt 0:11:46]} c5 {[%emt 0:11:50]} 16. d5 {[%emt 0:02:17]} Ra7 {[%emt 0:10:39]} 17. Rad1 {[%emt 0:06:59]} exd5 {[%emt 0:00:27]} 18. exd5 {[%emt 0:00:08]} Bf6 {[%emt 0:03:03]} 19. Qc2 {[%emt 0:00:00]} c4 {[%emt 0:00:38]} 20. Bd4 {[%emt 0:13:40]} Re7 {[%emt 0:00:40]} 21. f4 {[%emt 0:07:18]} b3 {[%emt 0:00:38]} 22. Qf5 {[%emt 0:00:10]} Bc8 {[%emt 0:00:23]} 23. Qh5 {[%emt 0:00:09]} g6 {[%emt 0:00:40]} 24. Qh6 {[%emt 0:00:48]} N8d7 {[%emt 0:00:29]} 25. Ne4 {[%emt 0:00:18]} Bg7 {[%emt 0:00:16]} 26. Qxg7+ {[%emt 0:03:44]} Kxg7 {[%emt 0:00:02]} 27. Nc6+ {[%emt 0:00:06]} Kh6 {[%emt 0:01:11]} 28. g4 {[%emt 0:05:48]} g5 {[%emt 0:00:31]} 29. fxg5+ {[%emt 0:06:35]} Kg6 {[%emt 0:00:03]} 30. h4 {[%emt 0:00:09]} Re5 {[%emt 0:00:57]} 31. h5+ {[%emt 0:01:57]} Kg7 {[%emt 0:00:02]} 32. h6+ {[%emt 0:04:40]} Kg6 {[%emt 0:00:53]} 33. Bxe5 {[%emt 0:00:38]} Qe8 {[%emt 0:00:16]} 34. Nd6 {[%emt 0:02:19]} Nxe5 {[%emt 0:00:13]} 35. Nxe5+ {[%emt 0:01:45]} Qxe5 {[%emt 0:00:22]} 36. Rxe5 {[%emt 0:00:05]} Bxg4 {[%emt 0:00:21]} 37. Rf1 {[%emt 0:01:16]} c3 {[%emt 0:00:49]} 38. Be4+ {[%emt 0:00:39]} f5 {[%emt 0:00:04]} 39. gxf6+ {[%emt 0:00:22]} 1-0

[Event "24th European Women Club Cup 2019"]
[Site "Ulcinj"]
[Date "2019.11.14"]
[Round "5.20"]
[White "Manova, Ivana"]
[Black "Tomilova, Elena"]
[Result "1/2-1/2"]
[WhiteElo "1795"]
[BlackElo "2345"]
[Annotator "NA"]
[PlyCount "72"]
[EventDate "2019.11.10"]
[EventType "team-tourn"]
[EventCountry "MNE"]
[SourceTitle "playchess.com"]
[Source "ChessBase"]
[SourceQuality "1"]
[WhiteTeam "Asseco SEE"]
[BlackTeam "Pentole Agnelli"]
[TimeControl "40/5400+30:1800+30"]

1. e4 {[%emt 0:00:00]} c5 {[%emt 0:00:00]} 2. Nc3 {[%emt 0:00:00]} Nc6 {[%emt 0:00:00]} 3. Bb5 {[%emt 0:00:03]} Nd4 {[%emt 0:00:01]} 4. Bc4 {[%emt 0:00:15]} e6 {[%emt 0:00:13]} 5. Nge2 {[%emt 0:00:46]} Ne7 {[%emt 0:01:10]} 6. O-O {[%emt 0:01:08]} a6 {[%emt 0:01:43]} 7. a4 {[%emt 0:01:09]} g6 {[%emt 0:02:19]} 8. d3 {[%emt 0:02:30]} Bg7 {[%emt 0:00:24]} 9. Nxd4 {[%emt 0:03:04]} cxd4 {[%emt 0:00:43]} 10. Ne2 {[%emt 0:01:12]} O-O {[%emt 0:03:06]} 11. Bg5 {[%emt 0:10:21]} h6 {[%emt 0:02:43]} 12. Bf4 {[%emt 0:09:02]} d5 {[%emt 0:02:33]} 13. Bb3 {[%emt 0:11:00]} e5 {[%emt 0:06:15]} 14. Bg3 {[%emt 0:05:21]} g5 {[%emt 0:14:29]} 15. c3 {[%emt 0:13:34]} dxc3 {[%emt 0:20:15]} 16. Nxc3 {[%emt 0:01:40]} d4 {[%emt 0:00:23]} 17. Nd5 {[%emt 0:01:50]} Be6 {[%emt 0:00:19]} 18. Nxe7+ {[%emt 0:05:03]} Qxe7 {[%emt 0:00:58]} 19. Bxe6 {[%emt 0:05:24]} Qxe6 {[%emt 0:01:23]} 20. Qd2 {[%emt 0:01:42]} Rfc8 {[%emt 0:04:23]} 21. Rfc1 {[%emt 0:00:42]} Rc6 {[%emt 0:01:59]} 22. f3 {[%emt 0:09:07]} Rac8 {[%emt 0:00:39]} 23. Be1 {[%emt 0:01:30]} Bf8 {[%emt 0:07:34]} 24. Rxc6 {[%emt 0:06:52]} Rxc6 {[%emt 0:02:38]} 25. Rc1 {[%emt 0:06:52]} Rxc1 {[%emt 0:01:07]} 26. Qxc1 {[%emt 0:00:02]} Qb3 {[%emt 0:00:45]} 27. h4 {[%emt 0:01:15]} Qxd3 {[%emt 0:16:23]} 28. hxg5 {[%emt 0:00:21]} h5 {[%emt 0:00:36]} 29. Bg3 {[%emt 0:01:03]} Qe2 {[%emt 0:01:18]} 30. Bxe5 {[%emt 0:01:06]} d3 {[%emt 0:00:18]} 31. Bf4 {[%emt 0:00:32]} Bc5+ {[%emt 0:03:44]} 32. Qxc5 {[%emt 0:00:41]} Qe1+ {[%emt 0:00:09]} 33. Kh2 {[%emt 0:00:05]} Qh4+ {[%emt 0:00:04]} 34. Kg1 {[%emt 0:00:05]} Qe1+ {[%emt 0:00:45]} 35. Kh2 {[%emt 0:00:04]} Qh4+ {[%emt 0:00:07]} 36. Kg1 {[%emt 0:00:01]} Qe1+ 1/2-1/2

[Event "24th European Women Club Cup 2019"]
[Site "Ulcinj"]
[Date "2019.11.14"]
[Round "5.21"]
[White "Bodnaruk, Anastasia"]
[Black "Len, Irina"]
[Result "1-0"]
[WhiteElo "2412"]
[BlackElo "2036"]
[Annotator "NA"]
[PlyCount "62"]
[EventDate "2019.11.10"]
[EventType "team-tourn"]
[EventCountry "MNE"]
[SourceTitle "playchess.com"]
[Source "ChessBase"]
[SourceQuality "1"]
[WhiteTeam "SPB"]
[BlackTeam "Hertzeliya"]
[TimeControl "40/5400+30:1800+30"]

1. e4 {[%emt 0:00:00]} d5 {[%emt 0:00:00]} 2. exd5 {[%emt 0:00:00]} Qxd5 {[%emt 0:00:00]} 3. Nc3 {[%emt 0:00:00]} Qd8 {[%emt 0:00:00]} 4. d4 {[%emt 0:00:06]} Nf6 {[%emt 0:00:25]} 5. Nf3 {[%emt 0:02:24]} a6 {[%emt 0:03:08]} 6. Ne5 {[%emt 0:05:24]} e6 {[%emt 0:04:12]} 7. Be3 {[%emt 0:02:00]} Nbd7 {[%emt 0:02:47]} 8. f4 {[%emt 0:08:15]} Bb4 {[%emt 0:02:20]} 9. Bd3 {[%emt 0:08:19]} Nd5 {[%emt 0:08:10]} 10. Bd2 {[%emt 0:02:03]} Nxe5 {[%emt 0:05:44]} 11. dxe5 {[%emt 0:00:24]} Nxc3 {[%emt 0:03:33]} 12. Bxc3 {[%emt 0:08:06]} Bxc3+ {[%emt 0:03:31]} 13. bxc3 {[%emt 0:00:01]} Qd5 {[%emt 0:00:14]} 14. O-O {[%emt 0:04:31]} Bd7 {[%emt 0:04:54]} 15. Kh1 {[%emt 0:09:48]} Bc6 {[%emt 0:00:40]} 16. Qe2 {[%emt 0:00:32]} h5 {[%emt 0:00:39]} 17. Qf2 {[%emt 0:08:49]} h4 {[%emt 0:01:39]} 18. h3 {[%emt 0:04:14]} g6 {[%emt 0:10:04]} 19. c4 {[%emt 0:05:27]} Qa5 {[%emt 0:03:04]} 20. a4 {[%emt 0:05:47]} O-O-O {[%emt 0:05:51]} 21. Rab1 {[%emt 0:08:47]} Qc3 {[%emt 0:01:51]} 22. a5 {[%emt 0:06:42]} Qxa5 {[%emt 0:05:55]} 23. Qa7 {[%emt 0:05:24]} Qd2 {[%emt 0:01:00]} 24. Rg1 {[%emt 0:01:03]} Qxf4 {[%emt 0:00:38]} 25. Rbd1 {[%emt 0:02:15]} Qg3 {[%emt 0:02:18]} 26. Be4 {[%emt 0:00:55]} Bd5 {[%emt 0:07:26]} 27. cxd5 {[%emt 0:00:21]} Qxe5 {[%emt 0:01:14]} 28. d6 {[%emt 0:01:44]} Rxd6 {[%emt 0:01:44]} 29. Rxd6 {[%emt 0:00:06]} c6 {[%emt 0:02:52]} 30. Rgd1 {[%emt 0:00:29]} Qxe4 {[%emt 0:00:38]} 31. Rd7 {[%emt 0:00:24]} Qf5 1-0

[Event "24th European Women Club Cup 2019"]
[Site "Ulcinj"]
[Date "2019.11.14"]
[Round "5.22"]
[White "Haitovich, Avital"]
[Black "Ovod, Evgenija"]
[Result "0-1"]
[WhiteElo "1998"]
[BlackElo "2347"]
[Annotator "NA"]
[PlyCount "72"]
[EventDate "2019.11.10"]
[EventType "team-tourn"]
[EventCountry "MNE"]
[SourceTitle "playchess.com"]
[Source "ChessBase"]
[SourceQuality "1"]
[WhiteTeam "Hertzeliya"]
[BlackTeam "SPB"]
[TimeControl "40/5400+30:1800+30"]

1. Nf3 {[%emt 0:00:00]} c5 {[%emt 0:00:55]} 2. g3 {[%emt 0:00:00]} b6 {[%emt 0:00:06]} 3. Bg2 {[%emt 0:00:03]} Bb7 {[%emt 0:00:04]} 4. O-O {[%emt 0:00:31]} Nf6 {[%emt 0:00:20]} 5. d3 {[%emt 0:01:29]} d5 {[%emt 0:03:36]} 6. Nbd2 {[%emt 0:04:34]} e6 {[%emt 0:01:01]} 7. Re1 {[%emt 0:03:11]} Be7 {[%emt 0:00:15]} 8. c3 {[%emt 0:05:13]} O-O {[%emt 0:01:52]} 9. Qc2 {[%emt 0:00:38]} Nc6 {[%emt 0:09:21]} 10. e4 {[%emt 0:04:40]} h6 {[%emt 0:06:31]} 11. Nf1 {[%emt 0:03:59]} b5 {[%emt 0:02:07]} 12. e5 {[%emt 0:10:21]} Nd7 {[%emt 0:00:09]} 13. h4 {[%emt 0:00:36]} d4 {[%emt 0:08:47]} 14. N1h2 {[%emt 0:04:05]} Nb6 {[%emt 0:04:45]} 15. h5 {[%emt 0:22:55]} Rc8 {[%emt 0:14:33]} 16. Ng4 {[%emt 0:07:12]} c4 {[%emt 0:01:15]} 17. dxc4 {[%emt 0:08:16]} d3 {[%emt 0:00:33]} 18. Qd1 {[%emt 0:04:35]} bxc4 {[%emt 0:03:34]} 19. Qd2 {[%emt 0:01:14]} Re8 {[%emt 0:03:11]} 20. Re4 {[%emt 0:07:34]} Bf8 {[%emt 0:02:07]} 21. Ne3 {[%emt 0:05:48]} Ne7 {[%emt 0:07:36]} 22. Rd4 {[%emt 0:00:47]} Qc7 {[%emt 0:00:23]} 23. b3 {[%emt 0:02:40]} Nf5 {[%emt 0:11:57]} 24. Nxf5 {[%emt 0:00:20]} exf5 {[%emt 0:00:04]} 25. bxc4 {[%emt 0:00:10]} Be4 {[%emt 0:02:19]} 26. Nh4 {[%emt 0:01:21]} Qxe5 {[%emt 0:04:48]} 27. Bxe4 {[%emt 0:00:39]} fxe4 {[%emt 0:00:10]} 28. a4 {[%emt 0:00:33]} Bc5 {[%emt 0:03:14]} 29. a5 {[%emt 0:00:01]} Bxd4 {[%emt 0:00:17]} 30. cxd4 {[%emt 0:00:01]} Qxd4 {[%emt 0:00:03]} 31. Bb2 {[%emt 0:00:07]} Nxc4 {[%emt 0:00:06]} 32. Bxd4 {[%emt 0:00:30]} Nxd2 {[%emt 0:00:04]} 33. Bxa7 {[%emt 0:01:43]} Nb3 {[%emt 0:00:40]} 34. Rd1 {[%emt 0:00:10]} d2 {[%emt 0:01:54]} 35. Ng2 {[%emt 0:00:47]} e3 {[%emt 0:01:45]} 36. Nxe3 {[%emt 0:00:28]} Rc1 {[%emt 0:00:10]} 0-1

[Event "24th European Women Club Cup 2019"]
[Site "Ulcinj"]
[Date "2019.11.14"]
[Round "5.23"]
[White "Styazhkina, Anna"]
[Black "Yakovleva, Tatiana"]
[Result "1-0"]
[WhiteElo "2280"]
[BlackElo "1942"]
[Annotator "NA"]
[PlyCount "79"]
[EventDate "2019.11.10"]
[EventType "team-tourn"]
[EventCountry "MNE"]
[SourceTitle "playchess.com"]
[Source "ChessBase"]
[SourceQuality "1"]
[WhiteTeam "SPB"]
[BlackTeam "Hertzeliya"]
[TimeControl "40/5400+30:1800+30"]

1. e4 {[%emt 0:00:00]} c6 {[%emt 0:00:00]} 2. d4 {[%emt 0:00:00]} d5 {[%emt 0:00:00]} 3. e5 {[%emt 0:00:17]} Bf5 {[%emt 0:00:35]} 4. h4 {[%emt 0:00:43]} h5 {[%emt 0:05:34]} 5. c4 {[%emt 0:00:37]} dxc4 {[%emt 0:03:28]} 6. Bxc4 {[%emt 0:01:47]} e6 {[%emt 0:01:08]} 7. Nc3 {[%emt 0:00:47]} Nd7 {[%emt 0:04:49]} 8. Nge2 {[%emt 0:08:58]} Be7 {[%emt 0:07:29]} 9. Ng3 {[%emt 0:02:58]} Bg4 {[%emt 0:12:25]} 10. Be2 {[%emt 0:00:39]} Bxe2 {[%emt 0:04:27]} 11. Qxe2 {[%emt 0:00:13]} g6 {[%emt 0:00:56]} 12. Nge4 {[%emt 0:03:59]} Nb6 {[%emt 0:02:39]} 13. Qd3 {[%emt 0:20:09]} Nh6 {[%emt 0:07:36]} 14. Bg5 {[%emt 0:04:50]} Nf5 {[%emt 0:01:09]} 15. Nf6+ {[%emt 0:07:52]} Kf8 {[%emt 0:01:09]} 16. Rd1 {[%emt 0:08:13]} Nd7 {[%emt 0:14:34]} 17. Nce4 {[%emt 0:06:11]} Nxf6 {[%emt 0:09:15]} 18. exf6 {[%emt 0:03:36]} Bb4+ {[%emt 0:01:14]} 19. Kf1 {[%emt 0:00:51]} Qd5 {[%emt 0:05:24]} 20. a3 {[%emt 0:08:35]} Ba5 {[%emt 0:07:29]} 21. Nc5 {[%emt 0:12:32]} b5 {[%emt 0:00:29]} 22. Rh3 {[%emt 0:03:07]} Bc7 {[%emt 0:00:41]} 23. Qb3 {[%emt 0:01:30]} Rd8 {[%emt 0:02:41]} 24. Qxd5 {[%emt 0:02:09]} Rxd5 {[%emt 0:00:02]} 25. Nb3 {[%emt 0:00:09]} e5 {[%emt 0:03:02]} 26. Rc3 {[%emt 0:00:30]} Rd6 {[%emt 0:00:16]} 27. d5 {[%emt 0:00:40]} Ke8 {[%emt 0:03:16]} 28. Rxc6 {[%emt 0:00:19]} Kd8 {[%emt 0:00:02]} 29. Nc5 Rxc6 {[%emt 0:01:16]} 30. dxc6+ {[%emt 0:01:14]} Kc8 {[%emt 0:00:04]} 31. Rd7 {[%emt 0:00:51]} Rf8 {[%emt 0:00:31]} 32. g3 {[%emt 0:01:01]} Nd4 {[%emt 0:00:08]} 33. Bh6 {[%emt 0:00:20]} Rd8 {[%emt 0:00:49]} 34. Rxf7 {[%emt 0:00:09]} Bd6 {[%emt 0:01:42]} 35. Nb7 {[%emt 0:00:19]} Nxc6 {[%emt 0:00:39]} 36. Nxd8 {[%emt 0:00:12]} Kxd8 {[%emt 0:00:04]} 37. Rh7 {[%emt 0:00:28]} Nd4 {[%emt 0:00:23]} 38. Rh8+ {[%emt 0:00:24]} Kd7 {[%emt 0:00:10]} 39. f7 {[%emt 0:00:07]} Ne6 {[%emt 0:00:18]} 40. f8=Q {[%emt 0:00:00]} 1-0